Practical animal handling / (Record no. 358)

MARC details
000 -LEADER
fixed length control field 01034nam a22002657a 4500
005 - DATE AND TIME OF LATEST TRANSACTION
control field 20230606134357.0
008 - FIXED-LENGTH DATA ELEMENTS--GENERAL INFORMATION
fixed length control field 230606b |||||||| |||| 00| 0 eng d
020 ## - INTERNATIONAL STANDARD BOOK NUMBER
International Standard Book Number 0080361528 (pbk.) :
Terms of availability $36.00 (U.S.)
020 ## - INTERNATIONAL STANDARD BOOK NUMBER
International Standard Book Number 008036151X
040 ## - CATALOGING SOURCE
Original cataloging agency DLC
Transcribing agency DLC
Modifying agency DLC
050 00 - LIBRARY OF CONGRESS CALL NUMBER
Classification number SF760.A54
Item number P73 1991
082 00 - DEWEY DECIMAL CLASSIFICATION NUMBER
Classification number 636.089
Edition number 20
245 00 - TITLE STATEMENT
Title Practical animal handling /
Statement of responsibility, etc. edited by Ronald S. Anderson and Andrew T.B. Edney.
250 ## - EDITION STATEMENT
Edition statement 1st ed.
260 ## - PUBLICATION, DISTRIBUTION, ETC.
Place of publication, distribution, etc. Oxford [England] ;
-- New York :
Name of publisher, distributor, etc. Pergamon,
Date of publication, distribution, etc. 1991.
300 ## - PHYSICAL DESCRIPTION
Extent xii, 198 p. :
Other physical details ill. ;
Dimensions 25 cm.
440 #0 - SERIES STATEMENT/ADDED ENTRY--TITLE
Title Pergamon veterinary handbook series
504 ## - BIBLIOGRAPHY, ETC. NOTE
Bibliography, etc. note Includes bibliographical references and index.
650 #0 - SUBJECT ADDED ENTRY--TOPICAL TERM
Topical term or geographic name entry element Animal handling.
700 1# - ADDED ENTRY--PERSONAL NAME
Personal name Anderson, Ronald S.
Fuller form of name (Ronald Shand)
700 1# - ADDED ENTRY--PERSONAL NAME
Personal name Edney, A. T. B.
906 ## - LOCAL DATA ELEMENT F, LDF (RLIN)
a 7
b cbc
c orignew
d 1
e ocip
f 19
g y-gencatlg
942 ## - ADDED ENTRY ELEMENTS (KOHA)
Source of classification or shelving scheme Library of Congress Classification
Koha item type Non-Fiction
Suppress in OPAC No
Holdings
Withdrawn status Lost status Source of classification or shelving scheme Damaged status Not for loan Collection Home library Current library Shelving location Date acquired Source of acquisition Total Checkouts Full call number Barcode Date last seen Date last checked out Price effective from Koha item type
    Library of Congress Classification     Non-fiction Kapasa Makasa University Kapasa Makasa University Open Access 06.06.2023 Book Aid 4 SF 760.A54 731069 20.05.2026 20.02.2026 06.06.2023 Non-Fiction